Normal view
MARC view
Entry Geographic Name
001 - CONTROL NUMBER
- control field: 282000
003 - CONTROL NUMBER IDENTIFIER
- control field:
005 - DATE AND TIME OF LATEST TRANSACTION
- control field: 20210601211852.0
008 - FIXED-LENGTH DATA ELEMENTS
- fixed length control field: 210601|| aca||aabn | a|a d
040 ## - CATALOGING SOURCE
- Original cataloging agency:
- Transcribing agency:
151 ## - HEADING--GEOGRAPHIC NAME
- Geographic name: Byelorussia
- General subdivision: History
670 ## - SOURCE DATA FOUND
- Source citation: Work cat.: (): Stuk, Anatoly 281999, Byelorussia :, 1982
